WWE - Santino Marella's PPV Opponents - Statistics

General Stats
  • This quiz has been taken 414 times
  • The average score is 31 of 44
Answer Stats
Year Event Match Type Opponent % Correct
2007 Vengeance: Night of Champions Umaga
90%
2008 SummerSlam Mixed Tag for the Titles Match Kofi Kingston
84%
2010 Bragging Rights 7 vs. 7 Raw vs. Smackdown Match Kofi Kingston
84%
2012 WrestleMania XVIII 12-Man Tag Team Match The Miz
81%
2012 Extreme Rules (Kickoff) The Miz
81%
2012 Elimination Chamber Elimination Chamber Match Daniel Bryan
80%
2010 Bragging Rights 7 vs. 7 Raw vs. Smackdown Match The Big Show
80%
2012 Elimination Chamber Elimination Chamber Match The Big Show
80%
2011 WrestleMania XVII 8-Man Tag Team Match Wade Barrett
80%
2012 Elimination Chamber Elimination Chamber Match Wade Barrett
80%
2009 Backlash Diva's Match (as Santina) Beth Phoenix
78%
2010 Survivor Series Tag Team Match Heath Slater
78%
2010 Tables, Ladders & Chairs Tag Team Match Heath Slater
78%
2011 Elimination Chamber Tag Team Match Heath Slater
78%
2011 WrestleMania XVII 8-Man Tag Team Match Heath Slater
78%
2012 Survivor Series (Kickoff) Tag Team Match Heath Slater
75%
2010 Bragging Rights 7 vs. 7 Raw vs. Smackdown Match Jack Swagger
75%
2012 WrestleMania XVIII 12-Man Tag Team Match Jack Swagger
75%
2013 Battleground Tag Team Match Jack Swagger
75%
2012 SummerSlam (Kickoff) Antonio Cesaro
73%
2013 Battleground Tag Team Match Antonio Cesaro
73%
2012 Elimination Chamber Elimination Chamber Match Cody Rhodes
73%
2010 Survivor Series Tag Team Match Justin Gabriel
73%
2010 Tables, Ladders & Chairs Tag Team Match Justin Gabriel
73%
2011 Elimination Chamber Tag Team Match Justin Gabriel
73%
2011 WrestleMania XVII 8-Man Tag Team Match Justin Gabriel
73%
2012 WrestleMania XVIII 12-Man Tag Team Match Dolph Ziggler
72%
2012 WrestleMania XVIII 12-Man Tag Team Match Mark Henry
71%
2010 Bragging Rights 7 vs. 7 Raw vs. Smackdown Match Alberto Del Rio
70%
2010 Bragging Rights 7 vs. 7 Raw vs. Smackdown Match Edge
69%
2012 Elimination Chamber Elimination Chamber Match The Great Khali
66%
2012 WrestleMania XVIII 12-Man Tag Team Match Drew McIntyre
65%
2011 WrestleMania XVII 8-Man Tag Team Match Ezekiel Jackson
63%
2010 Bragging Rights 7 vs. 7 Raw vs. Smackdown Match Rey Mysterio
62%
2012 WrestleMania XVIII 12-Man Tag Team Match David Otunga
61%
2008 SummerSlam Mixed Tag for the Titles Match Mickie James
59%
2009 Extreme Rules 2-on-1 Handicap Hogpen Match Chavo Guerrero
58%
2009 Extreme Rules 2-on-1 Handicap Hogpen Match Vickie Guerrero
58%
2012 Survivor Series (Kickoff) Tag Team Match Jinder Mahal
53%
2010 Night of Champions Tag Team Turmoil Match Jey Uso
47%
2010 Night of Champions Tag Team Turmoil Match Jimmy Uso
47%
2008 Cyber Sunday The Honky Tonk Man
41%
2012 No Way Out Tuxedo Match Ricardo Rodriguez
38%
2010 Bragging Rights 7 vs. 7 Raw vs. Smackdown Match Tyler Reks
36%
No matching quizzes found
Score Distribution
Percent of People with Each Score
Percentile by Number Answered
Your Score History
You have not taken this quiz